Central Library OPAC University of Rajshahi

The Spanish Civil War : (Record no. 63936)

MARC details
000 -LEADER
fixed length control field 01588nam a2200373 a 4500
001 - CONTROL NUMBER
control field 63936
003 - CONTROL NUMBER IDENTIFIER
rucl marc code BD-RjUL
005 - DATE AND TIME OF LATEST TRANSACTION
control field 20211209081244.0
008 - FIXED-LENGTH DATA ELEMENTS--GENERAL INFORMATION
fixed length control field 170205s2005 nyub b 001 0 eng d
020 ## - INTERNATIONAL STANDARD BOOK NUMBER
International Standard Book Number 9780333754351
International Standard Book Number 0333754352
International Standard Book Number 9780333754368 (pbk.)
International Standard Book Number 0333754360 (pbk.)
035 ## - SYSTEM CONTROL NUMBER
System control number (BD-RjUL)64066
040 ## - CATALOGING SOURCE
Original cataloging agency DLC
Transcribing agency DLC
Modifying agency DLC
Language of cataloging eng
041 ## - LANGUAGE CODE
Language code of text/sound track or separate title eng
082 00 - DEWEY DECIMAL CLASSIFICATION NUMBER
Classification number 946.081
Edition number 22
Author mark and year ROS 2005
100 1# - MAIN ENTRY--PERSONAL NAME
Personal name Romero Salvadó, Francisco J.,
Dates associated with a name 1960-
9 (RLIN) 189850
245 14 - TITLE STATEMENT
Title The Spanish Civil War :
Remainder of title origins, course, and outcomes /
Statement of responsibility, etc. Francisco J. Romero Salvadó.
260 ## - PUBLICATION, DISTRIBUTION, ETC. (IMPRINT)
Place of publication, distribution, etc. Houndmills, Basingstoke, Hampshire ;
-- New York :
Name of publisher, distributor, etc. Palgrave Macmillan,
Date of publication, distribution, etc. 2005.
300 ## - PHYSICAL DESCRIPTION
Pagination xxv, 268 p. :
Illustrations ill. ;
Size 23 cm.
490 1# - SERIES STATEMENT
Series statement Twentieth century wars
504 ## - BIBLIOGRAPHY, ETC. NOTE
Bibliography, etc Includes bibliographical references and index.
651 #0 - SUBJECT ADDED ENTRY--GEOGRAPHIC NAME
Geographic name Spain
General subdivision History
Chronological subdivision Civil War, 1936-1939.
9 (RLIN) 178230
830 #0 - SERIES ADDED ENTRY--UNIFORM TITLE
Uniform title Twentieth-century wars.
856 42 - ELECTRONIC LOCATION AND ACCESS
Materials specified Contributor biographical information
Uniform Resource Identifier <a href="http://www.loc.gov/catdir/enhancements/fy0625/2005050866-b.html">http://www.loc.gov/catdir/enhancements/fy0625/2005050866-b.html</a>
Materials specified Publisher description
Uniform Resource Identifier <a href="http://www.loc.gov/catdir/enhancements/fy0625/2005050866-d.html">http://www.loc.gov/catdir/enhancements/fy0625/2005050866-d.html</a>
Materials specified Table of contents only
Uniform Resource Identifier <a href="http://www.loc.gov/catdir/enhancements/fy0625/2005050866-t.html">http://www.loc.gov/catdir/enhancements/fy0625/2005050866-t.html</a>
Materials specified Book review (H-Net)
Uniform Resource Identifier <a href="http://www.h-net.org/reviews/showrev.php?id=23160">http://www.h-net.org/reviews/showrev.php?id=23160</a>
Materials specified Book review (H-Net)
Uniform Resource Identifier <a href="http://www.h-net.org/reviews/showrev.php?id=23161">http://www.h-net.org/reviews/showrev.php?id=23161</a>
Materials specified Book review (H-Net)
Uniform Resource Identifier <a href="http://www.h-net.org/reviews/showrev.php?id=23162">http://www.h-net.org/reviews/showrev.php?id=23162</a>
942 ## - ADDED ENTRY ELEMENTS (KOHA)
Source of classification or shelving scheme Dewey Decimal Classification
Koha item type Books
Holdings
Lost status Source of classification or shelving scheme Damaged status Not for loan Collection code Permanent Location Current Location Shelving location Date acquired Source of acquisition Cost, normal purchase price Total Checkouts Full call number Date last seen Copy number Koha item type
  Dewey Decimal Classification   Not For Loan Non-fiction Central Library, University of Rajshahi Central Library, University of Rajshahi Reading Room 24/06/2009 Ahashan mission, Dhaka 1892.01   946.081 ROS 2005 05/02/2017 C-1 Books